| 000 | 00761nam a22002177a 4500 | ||
|---|---|---|---|
| 005 | 20170124110011.0 | ||
| 010 | _aA-240916 | ||
| 020 |
_c75.00 _aA240916 |
||
| 037 | _bCen Lib/ Ret | ||
| 040 |
_aDPL _bEN |
||
| 082 |
_a347.91 _bDES |
||
| 100 |
_aDeshpande, V. S. _917743 |
||
| 245 |
_aA chandrachud reader : _cby V. S.Deshpande _bcollection of judgments with annotations / |
||
| 260 |
_a New Delhi _bDocumentation Center for Corporate & Business Policy Research _c1985 |
||
| 270 |
_aA2/24, Azad Appartments App.IIT Sri Aurobindo Marg _b New Delhi _e110016 |
||
| 300 |
_axi,112p. _c20cm(Hb) |
||
| 500 | _aIncludes appendices | ||
| 650 |
_aPolitical Science _978977 |
||
| 650 |
_aJudicial opinions _917745 |
||
| 942 |
_2ddc _cEN _h347.91 _mDES |
||
| 999 |
_c126521 _d126521 |
||